Statistics for All Modern-Day Countries Ever Controlled by Germany

Click here to take the quiz!

General Stats

  • This quiz has been taken 7,919 times
  • The average score is 59 of 64

Answers on the Map

Answers color-coded by a green-red scale on the quiz's map according to % correct below.
 

Answer Stats

Countries% Correct
Austria
99%
Belgium
99%
Finland
99%
France
99%
Germany
99%
Italy
99%
Netherlands
99%
Norway
99%
Poland
99%
Russia
99%
United Kingdom
(Channel Islands)
99%
Belarus
98%
Croatia
98%
Czech Republic
98%
Denmark
98%
Estonia
98%
Greece
98%
Hungary
98%
Latvia
98%
Lithuania
98%
Romania
98%
Slovakia
98%
Slovenia
98%
Ukraine
98%
Albania
97%
Bosnia and Herzegovina
97%
Serbia
97%
Tunisia
97%
Bulgaria
96%
Georgia
96%
Kosovo
96%
Monaco
96%
Montenegro
96%
San Marino
96%
Namibia
95%
Papua New Guinea
95%
Luxembourg
94%
Tanzania
94%
Angola
93%
China
93%
Nigeria
93%
Republic of the Congo
93%
Togo
93%
Cameroon
92%
Ghana
92%
Kenya
92%
Rwanda
92%
Central African Republic
91%
North Macedonia
91%
Chad
90%
Burundi
89%
Gabon
87%
F. S. Micronesia
85%
Guinea
85%
Palau
83%
Solomon Islands
83%
Marshall Islands
82%
Nauru
81%
Samoa
81%
Armenia
79%
Moldova
79%
Mozambique
74%
Zambia
69%
United States
(Northern Mariana Islands)
66%

Score Distribution

Percentile by Number Answered

Percent of People with Each Score

Your Score History

You have not taken this quiz